Noël par lettre - K - Statistiques

Statistiques générales
  • Ce quiz a été pris 209 fois
    183 depuis la dernière actualisation
  • Le résultat moyen est 4 sur 10
Statistiques - réponses
Indice Réponse % Correct
Benjamin des McCallister, protagoniste deMaman, j'ai raté l'avion ! Kévin
77%
Etat du Golfe faisant partie des rares paysoù Noël n'est pas un jour férié officiel Koweït
71%
On fête souvent Noël dans les enseignesde cette chaîne de fast-food au Japon KFC
62%
Il épouse finalement Anna dans La Reine des neiges Kristoff
56%
Brioche alsacienne cannelée et trouée en son centre dégustée à l'occasion des fêtes Kouglof
52%
Sorcier bulgare, compagnon d'Hermione aubal de Noël du Tournoi des Trois Sorciers Viktor Krum
52%
Film d'animation Netflix proposant unehistoire de la création de la fête de Noël Klaus
23%
Travesti dépressif incarné par Christian Clavier dans Le Père Noël est une ordure Katia
21%
Oiseau rouge qui visite un monde noëlesque encompagnie de l'ours Banjo sur Nintendo 64 Kazooie
11%
Monstre mi-chèvre mi-démon accompagnant Saint Nicolas dans certains pays d'Europe centrale Krampus
11%
Aucun quiz correspondant
Distribution des résultats
% des personnes avec chaque résultat
Percentile par nombre de réponses
Votre historique - résultats
Vous n’avez pas pris ce quiz depuis la dernière actualisation